Music Quiz

Random Music or Disney Quiz
Score 0/207 Timer 10:00
41 Plays Today
% Correct
a
96.8%
a
96.8%
a
96.8%
a
96.8%
a
96.8%
a
96.8%
a
96.8%
a
96.8%
a
96.8%
a
96.8%
a
96.8%
I
96.5%
I
96.5%
I
96.5%
I
96.5%
I
96.5%
a
95.9%
the
94.4%
the
94.4%
the
94.4%
the
94.4%
the
94.4%
the
94.4%
the
94.4%
the
94.4%
the
94.4%
you
90.5%
you
90.5%
you
90.5%
You
90.5%
you
90.5%
you
90.5%
you
90.5%
you
90.4%
I've
85.5%
Be
83.9%
be
83.9%
Be
83.9%
Be
83.9%
to
81.9%
to
81.9%
to
81.9%
to
81.9%
to
81.9%
to
81.9%
me
81.6%
me
81.6%
me
81.6%
We
77.7%
and
77.6%
he
77.2%
And
77.2%
can
76.9%
of
75.6%
of
75.6%
of
75.6%
of
75.6%
of
75.6%
of
75.6%
of
75.6%
when
74.2%
go
73.4%
for
73.2%
for
72.4%
for
72.4%
in
70.8%
so
70.2%
on
69.2%
is
68.6%
% Correct
man
68.5%
man
68.5%
man
68.5%
man
68.5%
man
68.5%
man
68.4%
they
68%
as
67.7%
as
67.7%
as
67.7%
out
67.2%
out
67%
out
67%
see
66.7%
your
65.7%
make
65.6%
make
65.6%
make
65.5%
my
64.6%
my
64.6%
are
64.3%
How
61.6%
how
61.4%
knew
61.1%
ever
61%
get
60.5%
I'll
59.8%
I'll
59.8%
who
59.7%
that
59.4%
down
58.1%
Let's
57.9%
You're
57.9%
You're
57.9%
You're
57.9%
you're
57.9%
With
57.3%
With
57.3%
we're
57.1%
Did
56.4%
up
56.1%
sons
55.4%
but
55.1%
but
55.1%
all
54.8%
all
54.8%
through
54.8%
through
54.8%
through
54.8%
wish
54.6%
could
54.4%
Huns
54%
Huns
54%
was
53.6%
defeat
53.4%
daughters
53.3%
asked
52.8%
business
52.7%
send
52.1%
us
51.5%
got
51.3%
got
51.3%
saddest
50.8%
moon
50.4%
met
50.1%
bunch
49.7%
fire
49.4%
fire
49.4%
Time
49.4%
% Correct
river
49.4%
side
49.3%
bet
49.1%
dark
48.9%
This
48.8%
never
48.7%
right
48.7%
before
48.5%
I'm
48.3%
gonna
48.2%
must
48.2%
raging
48.2%
Say
47.9%
great
47.7%
knew
46.4%
typhoon
46.2%
swift
45.9%
Mysterious
45.7%
Mister
45.6%
Hope
45.5%
strength
44.9%
Now
44.8%
win
44.5%
'em
44.4%
Boy
44.3%
doesn't
44.1%
fool
44%
swim
43.6%
coursing
43.4%
those
43.3%
home
42.6%
gym
42.2%
Somehow
41.8%
really
41.6%
find
41.4%
cutting
41.2%
every
41.2%
war
41.1%
force
41.1%
goodbye
41.1%
haven't
40.8%
might
40.7%
breath
40.5%
clue
40.5%
forest
40.4%
catch
40.3%
sure
40.2%
school
39.8%
lot
39.8%
pack
39.7%
Once
39.2%
within
39%
Tranquil
38.1%
death
37.7%
scared
37.6%
pathetic
37.5%
guy's
36.5%
center
36.2%
survive
36.2%
rage
36.2%
spineless
36.2%
till
35.7%
racing
35.5%
arrive
35.1%
toward
35%
order
35%
pale
34.4%
Heed
33.8%
unsuited
32.5%
Remove Ads.
Support Sporcle.
Get the best of Sporcle when you Go Orange. This ad-free experience offers more features, more stats, and more fun while also helping to support Sporcle. Thank you for becoming a member.

You're not logged in!

Compare scores with friends on all Sporcle quizzes.
OR
Log In

Show Comments

Extras

Top Quizzes Today


Score Distribution

Your Account Isn't Verified!

In order to create a playlist on Sporcle, you need to verify the email address you used during registration. Go to your Sporcle Settings to finish the process.

Report this User

Report this user for behavior that violates our Community Guidelines.

Details: